The son of man

Guardat en:
Dades bibliogràfiques
Autor principal: Mauriac, Francois
Format: Llibre
Idioma:Undetermined
Publicat: New York, Estados Unidos Collier Books 1961
Matèries:
Etiquetes: Afegir etiqueta
Sense etiquetes, Sigues el primer a etiquetar aquest registre!

MARC

LEADER 00000nam a2200000Ia 4500
008 170316s9999 xx 000 0 und d
040 |a cru BVZT 
090 |a 840 M-15s 
100 |a Mauriac, Francois 
245 4 |a The son of man 
260 |a New York, Estados Unidos 
260 |b Collier Books 
260 |c 1961 
300 |a 123 páginas 
650 |a LITERATURA FRANCESA 
999 |c 7793  |d 7793 
942 |c 15 D  |h 840 M-15s  |2 z